000
00337 a2200157 4500
001
164780
020
_a
040
_c
Magnum
100
_a
Carrasco, Walcyr
240
1
0
_a
Mordidas que podem ser beijos
_l
por
245
1
0
_a
Mordidas que podem ser beijos
362
0
_a
1899
440
1
_a
Moderna
697
_a
IJ/FICCAO
942
_c
BK
999
_c
164780
_d
164780